| 000 | 00815nam a22002297a 4500 | ||
|---|---|---|---|
| 999 |
_c20416 _d20416 |
||
| 003 | AR-CdUCM | ||
| 008 | 190530b ||||| |||| 00| 0 eng d | ||
| 020 | _a0-538-19500-2 | ||
| 040 |
_aMUNICIPALIDAD PROVINCIAL DEL CUSCO _cBIBLIOTECA MUNICIPAL DEL CUSCO |
||
| 082 |
_a658.8 / _bO33 |
||
| 100 |
_aO´Dell, William F., Ruppel, Andrew C. y Trent, Robert H. _942683 |
||
| 245 |
_aMarketing decisión marking : _banalytic framework and cases / |
||
| 260 |
_aCincinnati : _bSouth-western publishing, _c1976. |
||
| 300 |
_a299 páginas ; _c24 cm |
||
| 500 | _a[libro reempastado], | ||
| 505 | _aContenido: Identificar el problema de decisión -- Desarrollando alternativas... | ||
| 650 |
_aMarketing _912422 |
||
| 650 |
_aDesarrollo _92021 |
||
| 650 |
_aAnálisis _92730 |
||
| 942 |
_2ddc _cLIBROS |
||
| 945 | _aAndy | ||